000 01577cam a22002771i 4500
003 SA-RiAUC
005 20260307121538.0
008 260224s1905 xx g 000 0 ara c
040 _aEG-CaDAJ
_bara
_cSA-RiAUC
_erda
082 0 4 _a213
_qSA-RiAUC
090 _aم ن 213
_bع ب د ح
100 1 _aعبد الحميد قدس، عبد الحميد بن محمد علي قدس بن عبد القادر،
_d1280-1335 هجري
_eمؤلف.
245 1 0 _aشرح على منظومة في الخصال المكفرة للذنوب المتقدمة والمتأخرة، يسمى، ضياء الشمس الضاحية على الحسنات الماحية للذنوب المتقدمة والآتية /
_cعبد الحميد بن محمد علي بن الخطيب.
246 3 3 _aضياء الشمس الضاحية على الحسنات الماحية للذنوب المتقدمة والآتية
264 1 _a[مكان النشر غير محدد] :
_b[الناشر غير محدد]،
_c[1905]
264 3 _a[مكان الطبع غير محدد] :
_bالمطبعة الحميدية
300 _a96 صفحة ؛
_c29 سم
336 _aنص
_btxt
_2rdacontent
_3كتاب
337 _aبدون وسيط
_bn
_2rdamedia
338 _aمجلد
_bnc
_2rdacarrier
650 7 _aالوعظ والإرشاد
_2aucsh
700 1 2 _aابن حجر العسقلاني، أحمد بن علي بن محمد،
_d773-852 هجري
740 2 2 _aالخصال المكفرة للذنوب المتقدمة والمتأخرة.
942 _2ddc
_cRBOOK COPY
_n0
949 _aSA-JeALM
_d260224
_umohamedma123
_n1
999 _c14515
_d14515